Gaming Quiz

Random Gaming or Minecraft Quiz

Minecraft status effects quiz Stats

 Plays Quiz not verified by Sporcle

Support Sporcle.
Go Orange.
Score 0/29 Timer 05:00
0 Plays Today
Answer % Correct
Poison
75%
Speed.
75%
Levitation
62.5%
Strength
62.5%
Wither
62.5%
Absorption
50%
Bad omen
50%
Blindness
50%
Glowing
50%
Instant health
50%
Instant damage
50%
Luck
50%
Regeneration
50%
Slowness
50%
Conduit power
37.5%
Answer % Correct
Dolphin’s grace
37.5%
Haste
37.5%
Jump boost
37.5%
Resistance
37.5%
Slow falling
37.5%
Water breathing
37.5%
Weakness
37.5%
Fire resistance
25%
Food poisoning
25%
Health boost
25%
Mining fatigue
25%
Night vision
25%
Turtle master
25%
Invisibility
12.5%

You're not logged in!

Compare scores with friends on all Sporcle quizzes.
OR
Log In

From the Vault

Communist Countries

by Booger

Other things that are red: ketchup, cherries, fire engines...
Remove Ads.
Support Sporcle.
Get the best of Sporcle when you Go Orange. This ad-free experience offers more features, more stats, and more fun while also helping to support Sporcle. Thank you for becoming a member.

Show Comments

Extras

Top Quizzes Today


Score Distribution

Your Account Isn't Verified!

In order to create a playlist on Sporcle, you need to verify the email address you used during registration. Go to your Sporcle Settings to finish the process.

Report this User

Report this user for behavior that violates our Community Guidelines.

Details: